000 00706nam a2200241 a 4500
001 31665
003 BD-RjUL
005 20211209051731.0
008 140421t1956 enka 001 0deng d
035 _a(BD-RjUL)31753
040 _aDLC
_beng
_cDLC
_dBD-RjUL
041 1 _aeng
_hfre
082 0 4 _a100
_bWEN 1956
100 1 _aWeil, Simone,
_d1909-1943.
_996355
245 1 4 _aThe notebooks of Simone Weil /
_ctranslated from the French by Arthur Wills.
_nVolume-One
260 _aLondon :
_bRoutledge & Kegan Paul,
_c1956.
300 _a331 p.;
_c22 cm.
504 _aIncludes index.
600 1 0 _aWeil, Simone,
_d1909-1943
_996358
650 0 _aPhilosophy.
_996357
942 _2ddc
_cBK
999 _c31665
_d31665